FIFA 100 - Statistics

General Stats
  • This quiz has been taken 5,303 times
  • The average score is 33 of 125
Answer Stats
Hint Answer % Correct
Brazil Ronaldo
86%
Argentina Diego Maradona
85%
Ghana Abédi Pelé
78%
Brazil Pelé
78%
France Zinedine Zidane
67%
Germany Gerd Müller
62%
Brazil Ronaldinho
62%
France Thierry Henry
58%
Netherlands Johan Cruyff
54%
Germany Franz Beckenbauer
53%
Brazil Rivaldo
53%
Northern Ireland George Best
52%
Italy Paolo Maldini
52%
Argentina/Spain Alfredo di Stefano
51%
England David Beckham
51%
Hungary Ferenc Puskás
51%
Brazil Roberto Carlos
50%
Netherlands Marco van Basten
49%
Liberia George Weah
48%
Portugal Luís Figo
47%
Portugal Eusébio
46%
France Michel Platini
44%
England Bobby Charlton
43%
Netherlands Ruud Gullit
43%
Italy Gianluigi Buffon
42%
Czech Republic Pavel Nedvěd
41%
Italy Roberto Baggio
41%
Brazil Rómario
41%
Ukraine Andriy Shevchenko
39%
Argentina Gabriel Batistuta
39%
Ireland Roy Keane
39%
Brazil Cafu
38%
Spain Raúl
38%
Italy Alessandro Del Piero
37%
Netherlands Dennis Bergkamp
36%
Brazil Zico
36%
Denmark Brian Laudrup
35%
Croatia Davor Šuker
35%
Bulgaria Hristo Stoichkov
35%
Denmark Michael Laudrup
35%
England Michael Owen
35%
Germany Oliver Kahn
34%
England Alan Shearer
33%
Denmark Peter Schmeichel
33%
Romania Gheorghe Hagi
31%
England Gary Lineker
30%
Mexico Hugo Sánchez
30%
Italy Alessandro Nesta
29%
Italy Francesco Totti
29%
France Patrick Vieira
29%
Brazil Sócrates
29%
Germany Lothar Matthäus
28%
Italy Paolo Rossi
28%
France David Trezeguet
27%
Netherlands Frank Rijkaard
27%
Italy Franco Baresi
26%
Argentina Hernan Crespo
26%
Cameroon Roger Milla
25%
Netherlands Ruud van Nistelrooy
25%
Colombia Carlos Valderrama
24%
France Éric Cantona
24%
Nigeria Jay-Jay Okocha
24%
France Marcel Desailly
24%
Portugal Rui Costa
24%
Italy Dino Zoff
23%
Germany Jürgen Klinsmann
23%
France Lilian Thuram
22%
Netherlands Patrick Kluivert
22%
Italy Christian Vieri
21%
France Didier Deschamps
21%
Argentina Mario Kempes
21%
Brazil Carlos Alberto
20%
Japan Hidetoshi Nakata
20%
Argentina Javier Zanetti
20%
Germany Karl-Heinz Rummenigge
20%
Scotland Kenny Dalglish
20%
France Robert Pirès
20%
Netherlands Clarence Seedorf
19%
Argentina Juan Sebastian Veron
19%
Germany Michael Ballack
19%
England Gordon Banks
18%
France Jean-Pierre Papin
18%
France Just Fontaine
18%
Netherlands Edgar Davids
17%
Spain Emilio Butragueño
14%
Senegal El Hadji Diouf
13%
Chile Iván Zamorano
13%
Netherlands Johan Neeskens
12%
Brazil Rivelino
12%
Poland Zbigniew Boniek
12%
England Kevin Keegan
11%
United States Mia Hamm
11%
France Raymond Kopa
11%
Argentina Daniel Passarella
10%
Brazil Falcao
10%
Italy Gianni Rivera
9%
Germany Sepp Maier
9%
Germany Paul Breitner
8%
Germany Uwe Seeler
8%
Brazil Djalma Santos
7%
Belgium Jean-Marie Pfaff
7%
France Marius Trésor
7%
Brazil Nílton Santos
7%
Peru Teófilo Cubillas
7%
Uruguay Enzo Francescoli
6%
Italy Giacinto Facchetti
6%
Argentina Javier Saviola
6%
Brazil Júnior
6%
Argentina Omar Sivori
6%
Italy Giuseppe Bergomi
5%
Czech Republic Josef Masopust
5%
Spain Luis Enrique
5%
Chile Elías Figueroa
4%
Turkey Emre Belözoğlu*
4%
Belgium Jan Ceulemans
4%
Netherlands Rob Rensenbrink
4%
Belgium Franky Van der Elst
3%
Italy Giampiero Boniperti
3%
Turkey Rüştü Reçber
3%
South Korea Hong Myung-Bo
2%
United States Michelle Akers
2%
Russia Rinat Dasayev
2%
Paraguay Romerito
2%
Netherlands Willy van de Kerkhof
2%
Netherlands René van de Kerkhof
1%
No matching quizzes found
Score Distribution
Percent of People with Each Score
Percentile by Number Answered
Your Score History
You have not taken this quiz